000 00588nam a2200217Ia 4500
008 101110s9999 xx 000 0 und d
041 _aENGLISH
082 _bSR34274
100 _aHorstmann Cays & Cornell Gary
245 _aCore JAVA vol.II advansed features, 8th ed
260 _c2008
_bPearson education noida
300 _a1032
365 _b799
520 _aComputer
546 _aENGLISH
630 _aCore JAVA vol.II advansed features, 8th ed
650 _aComputer
655 _aComputer
730 _aCore JAVA vol.II advansed features, 8th ed
942 _cBOOK
999 _c826775
_d826772